Ekonometryczne modelowanie funkcjonowania przedsiebiorstwa

Gespeichert in:
Bibliographische Detailangaben
1. Verfasser: Barczak, Andrzej
Weitere Verfasser: Biolik, Józef, Klama, Regina
Format: Buch
Sprache:Polnisch
Veröffentlicht: Katowice Akademia Ekon. im. Karola Adamieckiego 1990
Ausgabe:1. wyd.
Schriftenreihe:Prace naukowe
Tags: Tag hinzufügen
Keine Tags, Fügen Sie das erste Tag hinzu!

MARC

LEADER 00000nam a2200000 4500
001 c028690
005 20221215130050.5
041 0 |a pol 
044 |a PL 
245 1 0 |a Ekonometryczne modelowanie funkcjonowania przedsiebiorstwa  |c Andrzej Barczak, Józef Biolik, Regina Klama 
250 |a 1. wyd. 
264 1 |a Katowice  |b Akademia Ekon. im. Karola Adamieckiego  |c 1990 
300 |a 93 s. 
490 1 |a Prace naukowe 
830 0 |a Prace naukowe 
100 1 |a Barczak, Andrzej 
700 1 |a Biolik, Józef 
700 1 |a Klama, Regina